000
00260nam a2200097Ia 4500
008
200302s9999 xx 000 0 und d
100
_a
Francisco Asensio Cerver
245
_a
Arquitectura Rehabilitated Buildings Vol 3
260
_b
Axis Books Ltd.
300
_a
118 P.,
999
_c
914
_d
914